000 00421nam a2200181Ia 4500
001 16125
005 20260306170246.0
008 260306t2015||||xx |||||||||||||| ||und||
041 _aESP
082 _a346.642
_bP633
100 _aPeel, Edwin
_eAUT
245 4 _aThe law of contract
260 _c2015
300 _accxxxii, 1388 páginas :
_c23 cm.
650 _aGEN
654 _aCDE
942 _cLIB
_dJUS
_fJUS
_2ddc
_n
999 _c16125
_d16125